Logo BPK

Biblioteka

Politechniki Koszalińskiej

Soprotivlenie ustalosti metallov i splavov. C.1 / (Rekord nr 23673)

Szczegóły MARC
000 -ETYKIETA REKORDU
podpole kontrolne o stałej długości 00376nam a2200145 i 4500
001 - NUMER KONTROLNY REKORDU
pole kontrolne bg
040 ## - ŹRÓDŁO KATALOGOWANIA
Instytucja, która utworzyła rekord BPK
041 ## - KOD JĘZYKA
Kod języka tekstu pol
008 - POLE O STAŁEJ DŁUGOŚCI - DANE KONTROLNE
podpole kontrolne o stałej długości s pl f |000 0 pol
100 1# - NAZWA OSOBOWA
Nazwa osobowa TROSCENKO, W.T.
245 #0 - TYTUŁ/ODPOWIEDZIALNOŚĆ
Tytuł Soprotivlenie ustalosti metallov i splavov. C.1 /
Pozostałe elementy strefy tytułu i oznaczenia odpowiedzialności W.T. Troscenko, L.A. Sosnovskij.
260 ## - STREFA ADRESU WYDAWNICZEGO
Miejsce wydania Kiev,
Data publikacji, dystrybucji/powstania dokumentu 1987.
700 1# - HASŁO DODATKOWE - NAZWA OSOBOWA
Nazwa osobowa SOSNOVSKIJ, L.A.
856 ## - LOKALIZACJA I DOSTĘP DO ELEKTRONICZNYCH DOKUMENTÓW ZDALNYCH
Link (URL) http://koha.tu.koszalin.pl/cgi-bin/koha/opac-detail.pl?biblionumber=23673
Tekst linku Katalog online BPK
942 ## - DODATKOWE ELEMENTY (KOHA)
Typ dokumentu Książka
Egzemplarze
Wycofany Status egzemplarza Uszkodzony Dostępność Lokalizacja stała Lokalizacja bieżąca Miejsce przechowywania Sygnatura Kod kreskowy Typ dokumentu
      Dostępny Biblioteka Politechniki Koszalińskiej Biblioteka Politechniki Koszalińskiej Wypożyczalnia BG 33854 01598858 Książka
© 2023 Biblioteka Politechniki Koszalińskiej :: KOHA